00639cam a22002177a 4500003000500000005001700005008004100022010001000063011001000073020001500083035001000098040000900108082001400117100002100131245011500152260004700267300003000314650001500344650004100359700002100400CHAP20220329142235.0000316d1999 enka r 00010 eng d a80399 a81371 a0851993451 a91840 cCHAP04a595.7bH300aHardie, Jimeed.10aPheromones of non-lepidopteran insects associated with agricultural plantsc/by Jim Hardie and Albert K. Minks aWallingford, UK :bCABI Publishing,c1999. a466 p. : ilus. ; gráfs.14aFeromonas.14aInsectosxAnatomía y fisiología.0 aMinks, Albert K.